00395nam a2200133Ia 4500008004100000082001500041100003000056245002400086260001800110600001200128942000700140952009700147999001700244241002s9999 xx 000 0 und d a954.91 KHA aKhaliquzzaman, Choudhrary 0aPathway to Pakistan aLahore:c1961 aHistory cUC 00104070aUITUbUITUd1994-01-01l0o954.91 KHApUC47r2024-10-02 09:31:06w2024-10-02yUC c18374d18374